000 00345nam a2200133Ia 4500
008 240624s9999 xx 000 0 und d
041 _aeng
082 _a301.072 MAR
100 _aMARTIN JOHN LEVI
245 _aTHINKING THROUGH METHODS A SOCIAL SCIENC
260 _c2017
_bThe University Of Chicago Press
300 _a280 p.
365 _c
_b25
999 _c31378
_d31378